01576cam a22003854i 4500003000900000005001700009008004100026020001500067020001800082035002000100040003300120082001900153100004100172245009900213264004000312300006000352336002100412337002500433338002300458504003300481505052800514526001001042526001001052526001001062526001001072526000801082526000801090526000801098526000801106526000801114526000801122526000801130650004001138650001201178PE-LiUPU20250731173109.0181213s2018 tnua r 001 0 eng d a1462743773 a9781462743773 a(Sirsi) a251046 aPE-LiUPUbspacPE-LiUPUerda04a220.6bM192231 aMalcolm, Matthew R.,d1975-,eautor.10aFrom hermeneutics to exegesis :bthe trajectory of biblical interpretation /cMatthew Malcolm. 1aNashville :bB & H Academic,c2018. axvi, 176 páginas :bilustraciones ;c23 centímetros atext2rdacontent aunmediated2rdamedia avolume2rdacarrier aÍndice: páginas 167-176.0 aUnderstanding Hermeneutics and Exegesis -- The history of hermeneutics, Part 1: Socrates to Angela of Foligno -- History of Hermeneutics, Part 2: Luther to Present Day -- General and Special Hermeneutics -- Responsible Biblical Hermeneutics: General and theological Foundations -- A Hermeneutical Goal and Model -- Fruitful Instincts for the Interpreter of Christian Literature -- From Hermeneutics to Exegesis: Priming and Refining -- Exegetical Methods -- Interpreting the Old Testament -- Interpreting the New Testament. aSEG42 aSEG41 aSEG40 aSEG39 aP94 aP87 aP86 aP85 aP77 aP76 aP35 0aBibliaxcritismo, interpretación, 4aBiblia.